Poverty Aleviation in India (Record no. 11697)

MARC details
000 -LEADER
fixed length control field 00608nam a2200253 a 4500
020 ## - INTERNATIONAL STANDARD BOOK NUMBER
ISBN
082 00 - DEWEY DECIMAL CLASSIFICATION NUMBER
Classification number 305.8
Author Cutter ABD
100 ## - MAIN ENTRY--AUTHOR NAME
Author name Abdul Aziz,
245 ## - TITLE STATEMENT
Title Poverty Aleviation in India
260 ## - PUBLICATION, DISTRIBUTION, ETC. (IMPRINT)
Place of publication Delhi
Name of publisher Ashish Publishing House
Year of publication 1994
300 ## - PHYSICAL DESCRIPTION
Number of Pages 173p
500 ## - GENERAL NOTE
General note includes index and biblioraphy
505 2# - FORMATTED CONTENTS NOTE
Formatted contents note Index
650 ## - SUBJECT ADDED ENTRY--TOPICAL TERM
Topical Term Development-India
650 ## - SUBJECT ADDED ENTRY--TOPICAL TERM
Topical Term Economics-India
942 ## - ADDED ENTRY ELEMENTS (KOHA)
Koha item type Books
700 1# -
-- Abdul Aziz,
Holdings
Collection code Home library Current library Date acquired Cost, normal purchase price Full call number Accession Number Koha item type
  Henry Martyn Institute Library Henry Martyn Institute Library 03/29/2007 250.00 305.8 ABD 015874 Books
                   Copyright © 2026 | Henry Martyn Institute | Hyderabad | TS-500052 | INDIA | Implemented by hmi.edu.in
Hit-Count:

Powered by Koha